02922 a2200421 45000010006000000050017000060080041000230030015000640400040000790800035001192450123001540200022002772640034002993000026003335051528003591000026018877000021019137000018019347000021019527000030019737000023020037000024020267000026020507000024020767000023021007000018021237000019021417000020021607000025021807000023022057000024022287000021022527000023022737000033022967000025023297000020023548560126023742491620260407155531.0260407a2013 arg spa dAR-UNSa-BCEJYS aAR-UNSa-BCEJYSbspacAR-UNSa-BCEJYS a35xAdministración Pública10aEstado y administración públicapperspectivas para el estudio de políticas e instrumentos de gestión pública a978-987-01-1500-7 1aBuenos Aires :bErreparc2013 axxxix, 487 p.c27 cm. a1. Continuidades, rupturas y conjeturas sobre Estado, sociedad y administración pública en América Latina. ¿Hacia la construcción de un nuevo proceso latinoamericano de desarrollo y reconstrucción de la comunidad? - 2. Gobernabilidad democrática y políticas públicas. Una introducción conceptual - 3. Problemas públicas y políticas públicas. Un enfoque integral para la toma de decisiones de intervención en contexto - 4. El desarrollo socioeconómico en la formación y evolución del Estado Argentino - 5. La reforma del Estado y de la administración pública. Una revisión sobre políticas, instrumentos y enfoques - 6. Teoría y sociología de las organizaciones públicas - 7. Los modelos de gestión pública - 8. Cultura organizacional en la administración pública. El impacto del big bang paradigmático - 9. Planificación estratégica participativa. Principales conceptos y metodologías aplicables en la formulación de políticas públicas y la planificación sectorial - 10. Planeamiento estratégico de organizaciones públicas - 11. La gestión presupuestaria y su relación con los objetivos de las políticas públicas y con la programación técnica - 12. Administración financiera - 13. El financiamiento del Estado - 14. La gestión de los recursos humanos en las organizaciones públicas. Gestión de personas por competencias - 15. Desarrollo de procesos y gestión de la calidad en la administración pública - 16. TIC y gobierno 1 aKrieger, Mario José1 aAzcorra, Adriana1 aBlanco, Pablo1 aBlutman, Gustavo1 aBonifacio, José Alberto1 aDellasanta, Alicia1 aFantoni, Mariano E.1 aFelcman, Isidoro Luis1 aFuertes, Ana Isabel1 aGómez, Florencia1 aGoyburu, Lara1 aGreco, Mariano1 aGuardo, Enrique1 aHerrera, Juan Carlos1 aMódolo, Cristian1 aOtero, Alejandro A.1 aPandolfi, Lionel1 aSchmukler, Ricardo1 aSchweinheim, Guillermo F. F.1 aVelázquez, Rocío1 aWaisbrod, Laura41uhttps://biblioeco.unsa.edu.ar/pmb/images/libros/Estado y Administraci?n P?blica (2013).jpgyImagen de portadaqimage/jpeg